Temperature measurement in engineering

Đã lưu trong:
Chi tiết về thư mục
Những tác giả chính: Baker, H. Dean (Tác giả), Ryder, E. A (Tác giả), Baker, N. H (Tác giả)
Định dạng: Sách
Ngôn ngữ:Tiếng Anh
Được phát hành: Stamford Omega Engineering 1975
Những chủ đề:
Các nhãn: Thêm thẻ
Không có thẻ, Là người đầu tiên thẻ bản ghi này!

MARC

LEADER 00000nam a2200000 a 4500
001 UCU3959
003 CL-VaPUC
008 960517e19750000US |||||||||||||||||eng|d
082 0 4 |a 620.112  |b BAK  |2 21 
100 0 |a Baker, H. Dean  |e author  |9 361211 
700 0 |a Ryder, E. A  |e author  |9 361212 
700 0 |a Baker, N. H  |e author  |9 361213 
245 1 0 |a Temperature measurement in engineering 
300 |a v 
942 |c BK 
945 |d 19960517 00:00:00  |a cmena 
260 |a Stamford  |b Omega Engineering  |c 1975 
500 |a v.1: Deals with thermocouple techniques for measuring temperatures 
500 |a v.2: Deals with various methods of measuring low and very high temperatures in liquids, gases, flames and solid bodies 
650 0 |a Termodinámica   |9 259320 
650 0 |a Estados de la Materia  |9 347141 
650 7 |a INSTRUMENTOS DE MEDIDAS TERMICAS  |2 CL-VaPUC  |9 361214 
650 7 |a MEDIO AMBIENTE TERMICO  |2 CL-VaPUC  |9 361215 
650 7 |a PROPIEDADES TERMODINAMICAS  |2 CL-VaPUC  |9 357585 
583 |a last modification  |c 19960517 00:00:00  |k Rodrigo Vera 
999 |c 247804  |d 247802 
952 |0 0  |1 0  |4 0  |6 620_112000000000000_BAK_1975  |7 0  |8 A  |9 263976  |a BIBING  |b BIBING  |d 2019-11-19  |h v.1  |i 1660322  |o 620.112 BAK 1975  |p 1660322  |r 2025-01-20  |w 2019-11-19  |y BK  |k ING 
952 |0 0  |1 0  |4 0  |6 620_112000000000000_BAK_1975  |7 0  |8 A  |9 263977  |a BIBING  |b BIBING  |d 2019-11-19  |h v.2  |i 1660330  |o 620.112 BAK 1975  |p 1660330  |r 2025-01-20  |w 2019-11-19  |y BK  |k ING